000 01384nmm a2200445 a 4500
003 AR-BaBNM
005 20251128204301.0
008 317019s1968 ||||||||||||||000 | spa||
040 _cAR-BaBNM
100 1 _aVelazquez, Raúl A.
245 1 0 _aLas maestras jardineras
250 _a2ª ed.
260 _aLa Plata
_bUniversidad de la Plata
_c1968
300 0 _a103 p.
_bil.
504 _aBibliografía p. 91
600 1 4 _aMann, Mary
_d1806-1887
600 1 4 _aSánchez, Mariquita
_d1786-1868
600 1 4 _aGorman, Mary Elizabeth
_d1844-1924
600 1 4 _aWood, Serena Frances
_d1835-1871
600 1 4 _aEccleston, Sara
_d1840-1916
600 1 4 _aLatallada y Chorroarín de Victoria, Rita Elvira
_d1869-1958
600 1 4 _aVera Peñaloza, Rosario
_d1873-1950
600 1 4 _aBerduc de Galecki, Valentina
600 1 4 _aMarino, Sara
600 1 4 _aRoques, María Luisa
_d1899-1965
600 1 4 _aDudley, Isabel
_d1844-1929
600 1 4 _aDudley, Anna
_d1847-1938
600 1 4 _aGraham, Mary Olstine
_d1842-1902
600 1 4 _aZuloaga, Custodia
650 4 _aHISTORIA DE LA EDUCACION
650 4 _aBIOGRAFIAS
650 4 _aESCUELAS NORMALES
651 4 _aArgentina
653 0 _aMAESTRAS JARDINERAS
653 0 _aEDUCACION INICIAL
653 0 _aMAESTRAS NORTEAMERICANAS [SARMIENTO]
700 1 _aLunazzi, José María
_eprologuista
942 _cBK
998 _cCarmen
999 _c6857
_d6857